Estatísticas para Municípios da Serra Catarinense

Clique aqui para jogar o quiz

Estatísticas Gerais

  • Esse quiz foi jogado 27 vezes
  • A pontuação média é 9 de 18

Estatísticas das Respostas

HintAnswer% Correto
São Joaquim
95%
Lages
90%
Urubici
71%
Urupema
67%
Bom Jardim Da Serra
57%
Correia Pinto
48%
Otacílio Costa
48%
Capão Alto
43%
Bocaina Do Sul
43%
Painel
43%
Palmeira
43%
São José Do Cerrito
38%
Bom Retiro
38%
Anita Garibaldi
38%
Campo Belo Do Sul
33%
Rio Rufino
29%
Cerro Negro
19%
Ponte Alta
14%

Distribuição das Pontuações

Percentil de Números Respondidos

Porcentagem de Pessoas com Cada Pontuação

Sua Pontuação Histórica

Você não jogou esse quiz